000 00268nam a2200109Ia 4500
005 20251222175818.0
008 251222s9999||||xx |||||||||||||| ||spa||
082 _aDVD0111 B94/1993
245 0 _aEl extraño mundo de Jack
264 _bTouchstone Pictures
942 _cDVD
999 _c40378
_d40378